How to read financial statement
| Main Author: | |
|---|---|
| Format: | Book |
| Published: |
Kuala Lumpur :
Leeds Publications ,
2000
|
| Subjects: |
MARC
| LEADER | 00000cam a2200000 7i4500 | ||
|---|---|---|---|
| 001 | 0000014246 | ||
| 005 | 20050422.0 | ||
| 020 | |a 9839839799 | ||
| 040 | |a INS | ||
| 090 | 0 | 0 | |a HF5681.B2 |b L455 2000 |
| 100 | 1 | |a Lazar, Jane | |
| 245 | 1 | 0 | |a How to read financial statement |c Jane Lazar |
| 260 | |a Kuala Lumpur : |b Leeds Publications , |c 2000 | ||
| 300 | |a i,212p ; |c 19cm. | ||
| 650 | 0 | 0 | |a Accounting |
| 650 | 0 | 0 | |a Corporation report |
| 650 | 0 | 0 | |a Financial Statement |
| 999 | |a 0000014511 |b BOOK |c Open Shelf |e Default branch | ||